000 00787cam a2200241 a 4500
001 000024960
005 20240509123003.0
008 901219s1990 ve a 000 | spa d
020 _a980070213X
040 _aDO-SdBNP
_bspa
_cBNPHU
082 _a248.843
_bP228m
100 1 _aParentelli , Gladys
_951222
245 1 0 _aMujer, iglesia, liberación /
_cGladys Parentelli ; prólogo Elsa Támez.
260 _aCaracas, (Venezuela) :
_bG. Parentelli,
_c1990.
300 _a164 p. :
_bil., ;
_c22 cm.
490 1 _aMUJERE Y RELIGIÓN
500 _aIncluye referencias bibliográficas : p. 157-164
650 0 _aMujeres
_913968
650 4 _aMujeres jovenes
_951223
650 4 _aMujeres
_xCondiciones sociales y morales
_95379
700 1 _aTámez , Elsa
_epról.
_951224
049 _aBNGR
999 _c24453
_d24453